| 000 | 01067cam a2200349Ka 4500 | ||
|---|---|---|---|
| 001 | 84367 | ||
| 005 | 20230411090043.0 | ||
| 008 | 980602s1997 mx b 000 0 spa d | ||
| 035 | _a(OCoLC)ocm39212975 | ||
| 040 |
_aNJM _cNJM _dDIBAM |
||
| 020 | _a9682315476 | ||
| 020 | _a9789682315473 | ||
| 035 | _a(OCoLC)39212975 | ||
| 043 | _an-mx--- | ||
| 090 |
_aHX56 _b.A588 1997 |
||
| 049 | _aGRAL | ||
| 100 | 1 |
_aAlthusser, Louis, _d1918-1990. |
|
| 245 | 1 | 3 |
_aLa filosofía como arma de la revolución / _cLouis Althusser ; [traduccion de Oscar del Barco, Enrique Rom'an y Oscar L. Molina] |
| 250 | _a21a ed. | ||
| 260 |
_aM'exico : _bSieglo Veintiuno Editores, _c1997. |
||
| 300 |
_a151 p. ; _c21 cm. |
||
| 440 | 0 |
_aBiblioteca del pensamiento socialiste. _pSerie Ensayos criticos. |
|
| 500 | _aIncludes bibliographical references. | ||
| 650 | 0 | _aCommunism. | |
| 650 | 0 | _aRevolutions. | |
| 650 | 0 | _aPhilosophy. | |
| 650 | 7 |
_aFILOSOFIA MARXISTA. _2renib |
|
| 700 | 1 | _aBarco, Oscar del. | |
| 942 |
_2lcc _cbk |
||
| 994 |
_aC0 _bDRFGD |
||
| 946 | _arpeña | ||
| 999 |
_c111644 _d111644 |
||